000 00282nam a22001337a 4500
008 181107b xxu||||| |||| 00| 0 eng d
020 _a9780716720317
041 _aeng
080 _a510
100 _a36
101 _aMAT
245 _aLinear Algebra
_cJacob, B
942 _2udc
_cBK
999 _c52221
_d52221